Statistics for French Rugby League Teams

Click here to take the quiz!

General Stats

  • This quiz has been taken 18 times
  • The average score is 2 of 10

Answer Stats

Answer% Correct
Toulouse
100%
Albi
22%
Carcassonne
22%
Avignon
17%
Lezignan
17%
Pia
17%
Catalan
11%
Limouxin
11%
St Gaudens
11%
Villeneuve
11%

Score Distribution

Percentile by Number Answered

Percent of People with Each Score

Your Score History

You have not taken this quiz